000 00330nam a2200121 a 4500
001 000002434
005 20200929150208.0
008 090702s2009 000 spa d
020 _a8489384177
245 3 _aLa formación del lector literario : narrativa infantil y juvenil actual.
260 _aMadrid,
_c2009.
999 _c2270
_d2270
040 _aDO-SdBNP